| 000 -LEADER |
| fixed length control field |
00695nam a22002297a 4500 |
| 001 - CONTROL NUMBER |
| control field |
7742 |
| 003 - CONTROL NUMBER IDENTIFIER |
| control field |
BD-DhUAP |
| 005 - DATE AND TIME OF LATEST TRANSACTION |
| control field |
20210112120145.0 |
| 008 - FIXED-LENGTH DATA ELEMENTS--GENERAL INFORMATION |
| fixed length control field |
210112s1985 nyua|||| |||| 001 0 eng d |
| 020 ## - INTERNATIONAL STANDARD BOOK NUMBER |
| International Standard Book Number |
007016536x |
| 020 ## - INTERNATIONAL STANDARD BOOK NUMBER |
| International Standard Book Number |
007066269x |
| 040 ## - CATALOGING SOURCE |
| Original cataloging agency |
BD-DhUAP |
| Language of cataloging |
Eng |
| Transcribing agency |
BD-DhUAP |
| Modifying agency |
BD-DhUAP |
| 082 ## - DEWEY DECIMAL CLASSIFICATION NUMBER |
| Edition number |
23 |
| Classification number |
339.2 DER |
| 100 ## - MAIN ENTRY--PERSONAL NAME |
| Personal name |
Dernburg, Thomas Frederick. |
| 245 ## - TITLE STATEMENT |
| Title |
Macroeconomics : |
| Remainder of title |
concepts, theories, and policies / |
| Statement of responsibility, etc. |
Thomas Frederick Dernburg. |
| 260 ## - PUBLICATION, DISTRIBUTION, ETC. |
| Place of publication, distribution, etc. |
New York : |
| Name of publisher, distributor, etc. |
McGraw-Hill, |
| Date of publication, distribution, etc. |
c1985. |
| 300 ## - PHYSICAL DESCRIPTION |
| Extent |
ix, 490 pages : |
| Other physical details |
illustrations ; |
| Dimensions |
23 cm. |
| 490 ## - SERIES STATEMENT |
| Series statement |
McGraw-Hill economic series. |
| 500 ## - GENERAL NOTE |
| General note |
Includes index. |
| 650 ## - SUBJECT ADDED ENTRY--TOPICAL TERM |
| Topical term or geographic name entry element |
Macroeconomics. |
| 942 ## - ADDED ENTRY ELEMENTS (KOHA) |
| Source of classification or shelving scheme |
|
| Koha item type |
Book |